[Event "SVK-Cup12 sf3 corr"]
[Site "Slovakia"]
[Date "2000.07.??"]
[Round "?"]
[White "Jurcik, Jan"]
[Black "Kupec, Miroslav"]
[Result "0-1"]
[WhiteElo "2025"]
[BlackElo "1972"]
[PlyCount "105"]
[EventDate "2000.07.??"]
[EventType "tourn (corr)"]
[EventRounds "12"]
[EventCountry "SVK"]
[SourceTitle "Corr 2004"]
[Source "ChessBase"]
[SourceDate "2003.04.28"]
[SourceVersion "3"]
[SourceVersionDate "2003.04.28"]
[SourceQuality "1"]

1. d4 d5 2. Nf3 Nf6 3. c4 c6 4. e3 Bf5 5. Nc3 e6 6. Be2 h6 7. 0-0 Nbd7 8. a3 a5 9. b3 Bd6 10. Bb2 0-0 11. Re1 Re8 12. Nh4 Bh7 13. f4 Ne4 14. Nf3 Ndf6 15. Rf1 Nxc3 16. Bxc3 Ne4 17. Be1 b6 18. Ne5 Qc7 19. Bd3 Rac8 20. Ra2 c5 21. g3 Nf6 22. Be2 Red8 23. Qa1 Ne4 24. Ng4 Bf5 25. Nf2 a4 26. Nxe4 Bxe4 27. bxa4 cxd4 28. exd4 dxc4 29. Bc3 Ra8 30. Bd1 Bc6 31. a5 bxa5 32. Re1 Be7 33. Rf2 Qd6 34. Be2 Qxa3 35. Qxa3 Bxa3 36. Bxc4 Bb4 37. Bxb4 axb4 38. Rd2 Bd5 39. Bxd5 Rxd5 40. Rb1 Ra4 41. Rb3 Kf8 42. Kf2 Ke7 43. Ke2 Rd7 44. Kd3 Kd6 45. Rdb2 Rb7 46. g4 g6 47. h4 h5 48. g5 Kd5 49. Rb1 Ra2 50. Rxb4 Ra3+ 51. Ke2 Rba7 52. Rb5+ Ke4 53. Re5+ 0-1

[Event "SVK-ch16 sf26 corr"]
[Site "Slovakia"]
[Date "2000.03.26"]
[Round "42"]
[White "Zacik, Anton"]
[Black "Jurcik, Jan"]
[Result "1-0"]
[WhiteElo "2009"]
[BlackElo "1933"]
[PlyCount "109"]
[EventDate "2000.03.20"]
[EventType "tourn (corr)"]
[EventRounds "12"]
[EventCountry "SVK"]
[SourceTitle "Corr 2002"]
[Source "ChessBase"]
[SourceDate "2002.05.23"]
[SourceVersion "1"]
[SourceVersionDate "2002.05.23"]
[SourceQuality "1"]

1. e4 e5 2. Nf3 Nc6 3. Bb5 a6 4. Bxc6 dxc6 5. 0-0 f6 6. d4 Bg4 7. dxe5 Qxd1 8. Rxd1 fxe5 9. Nbd2 Bd6 10. h3 Bh5 11. Re1 Nf6 12. Nh4 0-0 13. Nc4 Rad8 14. Nxd6 cxd6 15. f3 Bf7 16. Nf5 Be6 17. Ng3 h6 18. Be3 b5 19. Rad1 Rd7 20. Rd2 a5 21. a3 a4 22. Red1 d5 23. Bc5 Rfd8 24. Bb6 Re8 25. Kf2 Kf7 26. Bc5 g5 27. Rh1 h5 28. h4 g4 29. Rhd1 Kg6 30. exd5 cxd5 31. Re1 gxf3 32. gxf3 Bg8 33. Rg1 Kh7 34. Nf5 d4 35. Rg5 Bc4 36. Ng3 Bf7 37. Re2 Rd5 38. Bb4 Bg6 39. Ke1 Re6 40. Ba5 Rc5 41. f4 Bxc2 42. Bb4 Rc4 43. fxe5 Nd5 44. Rxh5+ Kg7 45. Rg5+ Kh8 46. Bd2 Bg6 47. Rf2 Rc8 48. Ne2 Rce8 49. Kd1 Bd3 50. Rh5+ Kg7 51. Rg2+ Kf7 52. Nxd4 Rxe5 53. Rgg5 Rxg5 54. Rxg5 Nc7 55. h5 1-0

[Event "SVK-ch16 sf26 corr"]
[Site "Slovakia"]
[Date "2000.03.23"]
[Round "38"]
[White "Jurcik, Jan"]
[Black "Matusek, Jan"]
[Result "1/2-1/2"]
[WhiteElo "1933"]
[BlackElo "1935"]
[PlyCount "123"]
[EventDate "2000.03.20"]
[EventType "tourn (corr)"]
[EventRounds "12"]
[EventCountry "SVK"]
[SourceTitle "Corr 2002"]
[Source "ChessBase"]
[SourceDate "2002.05.23"]
[SourceVersion "1"]
[SourceVersionDate "2002.05.23"]
[SourceQuality "1"]

1. e4 c5 2. Nf3 d6 3. d4 cxd4 4. Nxd4 Nf6 5. Nc3 a6 6. Be2 e5 7. Nb3 Be7 8. 0-0 Be6 9. Be3 Nbd7 10. Qd2 0-0 11. Rfd1 Qc7 12. a4 b6 13. Nc1 Nc5 14. f3 Rfd8 15. b4 Ncd7 16. N1a2 Nf8 17. Nd5 Nxd5 18. exd5 Bf5 19. c4 a5 20. Nc3 axb4 21. Nb5 Qb8 22. Qxb4 Nd7 23. Bd3 Bxd3 24. Rxd3 Rc8 25. Rda3 Nc5 26. Qb1 Ra5 27. Bd2 Ra6 28. Qc2 Qb7 29. Be3 Qd7 30. Rb1 f5 31. Bf2 Bg5 32. h3 g6 33. Kh1 Rca8 34. Rba1 Rc8 35. Qe2 Re8 36. a5 Bd8 37. axb6 Rxa3 38. Rxa3 Bxb6 39. Qb2 Rb8 40. Bg3 f4 41. Be1 Qd8 42. Qc2 Kg7 43. Bc3 h6 44. Qe2 Kh7 45. Qd2 Qe7 46. Bb4 Rc8 47. Ba5 Bxa5 48. Qxa5 Rb8 49. Qc3 h5 50. Ra7 Rb7 51. Ra8 Rd7 52. Rc8 Nb7 53. Qa3 Qh4 54. Qb4 Qf2 55. Qc3 Kh6 56. Rc6 Qf1+ 57. Kh2 Qf2 58. Qc1 Nc5 59. Qc3 Rd8 60. Rc7 Qg3+ 61. Kg1 Ra8 62. Nxd6 1/2-1/2

[Event "SVK-ch16 sf26 corr"]
[Site "Slovakia"]
[Date "2000.03.22"]
[Round "33"]
[White "Magula, Rene"]
[Black "Jurcik, Jan"]
[Result "1/2-1/2"]
[WhiteElo "1823"]
[BlackElo "1933"]
[PlyCount "104"]
[EventDate "2000.03.20"]
[EventType "tourn (corr)"]
[EventRounds "12"]
[EventCountry "SVK"]
[SourceTitle "Corr 2002"]
[Source "ChessBase"]
[SourceDate "2002.05.23"]
[SourceVersion "1"]
[SourceVersionDate "2002.05.23"]
[SourceQuality "1"]

1. e4 c5 2. Nf3 d6 3. Nc3 Nf6 4. d4 cxd4 5. Nxd4 a6 6. Bg5 e6 7. Be2 Be7 8. Be3 Nc6 9. h3 Qc7 10. 0-0 Ne5 11. f4 Nc4 12. Bxc4 Qxc4 13. Qd3 Qxd3 14. cxd3 0-0 15. Rac1 Bd7 16. e5 Ne8 17. Ne4 Rc8 18. Rxc8 Bxc8 19. Rc1 Bd7 20. exd6 Bxd6 21. Nxd6 Nxd6 22. Rc7 Rd8 23. Nf3 Bc6 24. Ne5 Rc8 25. Rxc8+ Nxc8 26. Nxc6 bxc6 27. Bc5 f6 28. Kf2 Kf7 29. Ke3 Ne7 30. Kd4 Nd5 31. g3 g6 32. Ke4 h6 33. a3 g5 34. Bd6 gxf4 35. Bxf4 h5 36. Bd6 Ke8 37. Bc5 Kd7 38. a4 Kc7 39. a5 Kd7 40. d4 f5+ 41. Kf3 Ke8 42. Bd6 Nf6 43. Be5 Ne4 44. Ke3 Kf7 45. b4 Nc3 46. Kd3 Ne4 47. Ke3 Kg6 48. h4 Nc3 49. Kd3 Ne4 50. Ke3 Kf7 51. Kd3 Ke7 52. Kc4 Kd7 1/2-1/2